Eminem Songs - Sudden Death - Statistics

General Stats
  • This quiz has been taken 5,720 times
    1,500 since last reset
  • The average score is 13 of 19
Answers on the Grid
Answers color-coded by a green-red scale on the quiz's grid according to % correct below.
Lose Yourself
Bodak Yellow
Wild Boy
The Real Slim Shady
Power Trip
C.R.E.A.M.
Rap God
My Name Is
Poetic Justice
Stan
Godzilla
What You Know
Ayo Technology
Mockingbird
Day 'n' Nite
Without Me
Thrift Shop
Superman
Not Afraid
Dior
Sing for the Moment
Trap Queen
Shake That
3005
Business
The Show Goes On
Like Toy Soldiers
Tom Ford
Vegas
Space Bound
Middle Child
We Made You
A Milli
Houdini
Run This Town
3 a.m.
Gravel Pit
Rosa Parks
White America
 
Answer Stats
Answer % Correct
Lose Yourself
94%
The Real Slim Shady
91%
Rap God
89%
Stan
86%
Without Me
84%
Mockingbird
83%
My Name Is
82%
Godzilla
80%
Not Afraid
77%
Houdini
74%
Superman
72%
Sing for the Moment
61%
Like Toy Soldiers
58%
Shake That
52%
White America
50%
Business
43%
We Made You
37%
Space Bound
34%
3 a.m.
31%
No matching quizzes found
Score Distribution
Percent of People with Each Score
Percentile by Number Answered
Your Score History
You have not taken this quiz since the last reset